000 00623nam a2200241Ia 4500
003 OSt
005 20220928105655.0
006 a|||||r|||| 00| 0
007 ta
008 220927b |||||||| |||| 00| 0 eng d
024 _a47486
037 _cTextual
040 _aSDCL
_cSDCL
_beng
041 _2eng
_aeng
082 _aV3:1955'N3, K3
100 _aGilbert Martin
245 0 _aAppeasers
260 _aLondon
_bWeidenfeld
_c1963
300 _a380p
_ccm.
700 _a Gott Richard
_9416299
942 _hV3:1955'N3, K3
_cTEXL
_2CC
999 _c732227
_d732227